Microbial biotechnology (Record no. 33111)

MARC details
000 -LEADER
fixed length control field 00464nam a2200169Ia 4500
008 - FIXED-LENGTH DATA ELEMENTS--GENERAL INFORMATION
fixed length control field 230917s9999||||xx |||||||||||||| ||und||
020 ## - ISBN
Price USD146.99
040 ## - CATALOGING SOURCE
-- 258189
Original cataloging agency VIVEKANANDA LIBRARY
041 ## - Language
-- English
082 ## - DDC NUMBER
Classification number 660.6024576 C784M
100 ## - MAIN ENTRY--PERSONAL NAME
Personal name Cooper, Elsa, ed.
245 #0 - TITLE STATEMENT
Title Microbial biotechnology
260 ## - PUBLICATION, DISTRIBUTION, ETC. (IMPRINT)
Place of publication, distribution, etc New York
Name of publisher, distributor, etc Syrawood Publishing House
Date of publication, distribution, etc 2019
300 ## - PHYSICAL DESCRIPTION
Pages vi, 206 p.
500 ## - GENERAL NOTE
General note 3655 09/10/2019 IBS19/128 09/10/2019 Main Budget
942 ## - ADDED ENTRY ELEMENTS (KOHA)
Koha item type Books
Holdings
Withdrawn status Lost status Damaged status Not for loan Location (home branch) Sublocation or collection (holding branch) Date acquired Koha issues (times borrowed) Koha full call number Accession No. Koha date last seen Koha item type
        VIVEKANANDA LIBRARY VIVEKANANDA LIBRARY 25/11/2019   660.6024576 C784M 389731 17/09/2023 Books
© Designed and Maintained by Vivekananda Library, MDU Rohtak